| 000 | 01530 a2200229 4500 | ||
|---|---|---|---|
| 003 | Nust | ||
| 005 | 20170207154036.0 | ||
| 010 | _a 2009018147 | ||
| 020 | _a0136053068 | ||
| 020 | _a9780136053064 | ||
| 040 | _cNust | ||
| 082 | 0 | 0 | _a005.133 |
| 100 | 1 | _aDeitel, Paul J. | |
| 245 | 1 | 0 |
_aJava :how to program -(E-BOOK) _cPaul Deitel, Harvey M. Deitel. |
| 260 |
_aUpper Saddle River, N.J. : _bPearson Prentice Hall, _cc2010. |
||
| 300 |
_axlii, 1506 p. : _bcol. ill. ; _c23 cm. + _e1 CD-ROM (4 3/4 in.) |
||
| 490 | 0 | _aDeitel how to program series | |
| 505 | _a1 Introduction to Computers, the Internet and the Web (Page-1),2 Introduction to Java Applications(Page-55), 3 Introduction to Java Applets (Page-105),4 Control Structures: Part 1 (Page-148),5 Control Structures: Part 2 (Page-197),6 Methods (Page-246),7 Arrays (Page-313),8 Object-Based Programming (Page-378),9 Object-Oriented Programming (Page-445),10 Strings and Characters (Page-536),11 Graphics and Java2D (Page-601),12 Graphical User Interface Components: Part 1(Page-646),13 Graphical User Interface Components: Part 2 (Page-720),14 Exception Handling(Page-804), 15 Multithreading(Page-837), 16 Files and Streams (Page-894),17 Networking (Page-978),18 Multimedia: Images, Animation, Audio and Video(Page-1068), 20 Java Utilities Package and Bit Manipulation (Page-1147),21 Collections (Page-1201),22 Java Media Framework and Java Sound (on CD) (Page-1236). | ||
| 650 | 0 | _aJava (Computer program language) | |
| 651 | _aE-BOOK | ||
| 700 | 1 |
_aDeitel, Harvey M., _d1945- |
|
| 942 |
_2ddc _cBK |
||
| 999 |
_c192377 _d192377 |
||